Name World Capitals #8 - Statistics

General Stats
  • This quiz has been taken 8 times
  • The average score is 15 of 19
Answer Stats
Hint Answer % Correct
Capital of Ghana Accra
100%
Capital of Algeria Algiers
100%
Capital of Morroco Rabat
100%
Capital of Libya Tripoli
100%
Capital of Nigeria Abuja
88%
Capital of Guinea-Bissau Bissau
88%
Capital of Senegal Dakar
88%
Capital of Sierra Leone Freetown
88%
Capital of Liberia Monrovia
88%
Capital of Mali Bamako
75%
Capital of Togo Lome
75%
Capital of Niger Niamey
75%
Capital of The Gambia Banjul
63%
Capital of Guinea Conakry
63%
Capital of Burkina Faso Ouagadougou
63%
Capital of Benin Porto-Novo
63%
Capital of Mauritania Nouakchott
50%
Capital of Cape Verde (Cabo Verde) Praia
50%
Capital of the Ivory Coast Yamoussoukro
50%
No matching quizzes found
Score Distribution
Percent of People with Each Score
Percentile by Number Answered
Your Score History
You have not taken this quiz